Využitie kalkulačných metód v nákladovom controllingu

Nákladový controlling slúži pre vnútropodnikové riadenie nákladov. Úlohy nákladového cotrollingu. Metódy kalkulovania nákladov. Základné metódy zisťovania nákladov v konkrétnych výrobných podmienkach.

Gespeichert in:
Bibliographische Detailangaben
1. Verfasser: Tóth, Miroslav, 1961-
Weitere Verfasser: Tóthová, Alena, 1968-
Format: Buchkapitel
Sprache:Slowakisch
Schlagworte:
Tags: Tag hinzufügen
Keine Tags, Fügen Sie das erste Tag hinzu!

MARC

LEADER 00000naa$a2200000$$$4500
001 0125212
005 20240502072427.3
041 0 |a slo 
044 |a SK 
245 1 0 |a Využitie kalkulačných metód v nákladovom controllingu  |c Miroslav Tóth, Alena Tóthová 
520 |a Nákladový controlling slúži pre vnútropodnikové riadenie nákladov. Úlohy nákladového cotrollingu. Metódy kalkulovania nákladov. Základné metódy zisťovania nákladov v konkrétnych výrobných podmienkach. 
610 2 0 |a podnik 
610 2 0 |a náklady 
610 2 0 |a kalkulácia nákladov 
610 2 0 |a metódy kalkulačné 
610 2 0 |a kontroling 
100 1 |a Tóth, Miroslav, 1961- 
700 1 |a Tóthová, Alena, 1968-